| 000 | 01046nac a22002411u 4500 | ||
|---|---|---|---|
| 010 | _a 2006274091 | ||
| 020 | _a0521017319 | ||
| 082 | 0 | 0 |
_a671.0285 _bR79 |
| 090 |
_c2486 _d2486 |
||
| 100 | _a20080729 | ||
| 245 | 0 | 0 |
_aFinite-element plasticity and metalforming analysis / _cG.W. Rowe ... [et al.]. |
| 260 |
_aCambridge [England] ; _aNew York : _bCambridge University Press,1991 _c1991 |
||
| 300 |
_a297 p. : _bill. ; _c25 cm. |
||
| 504 | _aIncludes bibliographical references and index | ||
| 650 | 0 |
_aMetal-work _xData processing. |
|
| 650 | 0 | _aFinite element method. | |
| 650 | 0 |
_aPlasticity _xMathematical models. |
|
| 700 | 1 | _aRowe, Geoffrey W. | |
| 856 | 4 | 2 |
_3Publisher description _uhttp://www.loc.gov/catdir/enhancements/fy0642/2006274091-d.html |
| 856 | 4 | 2 |
_3Table of contents only _uhttp://www.loc.gov/catdir/enhancements/fy0642/2006274091-t.html |
| 942 |
_cNB _k671.0285R79 |
||
| 999 |
_c2486 _d2486 |
||